Tottenham Hotspur Premier League XIs - Statistics

General Stats
  • This quiz has been taken 3,266 times
    1,426 since last reset
  • The average score is 49 of 134
Answer Stats
Answer % Correct
Harry Kane
97%
Heung-min Son
96%
Hugo Lloris
94%
Guglielmo Vicario
81%
Jan Vertonghen
81%
Micky van de Ven
81%
Kyle Walker
80%
Cristian Romero
79%
Ian Walker
79%
Toby Alderweireld
78%
Gareth Bale
77%
Brennan Johnson
75%
Christian Eriksen
74%
Danny Rose
73%
Darren Bent
73%
Dele Alli
73%
Dominic Solanke
72%
James Maddison
72%
Ben Davies
71%
Dejan Kulusevski
70%
Pedro Porro
70%
Simon Davies
70%
Jermain Defoe
68%
Moussa Dembélé
68%
Luka Modrić
67%
Destiny Udogie
66%
Eric Dier
61%
Pape Matar Sarr
61%
Yves Bissouma
60%
Robbie Keane
59%
Rodrigo Bentancur
59%
Kieran Trippier
58%
Lucas Moura
58%
Peter Crouch
57%
Ledley King
56%
Davinson Sánchez
54%
Érik Lamela
54%
Pierre-Emile Højbjerg
53%
Harry Winks
51%
Moussa Sissoko
50%
Sol Campbell
49%
Dimitar Berbatov
47%
Aaron Lennon
46%
Emmanuel Adebayor
46%
Teddy Sheringham
46%
Heurelho Gomes
45%
Tanguy Ndombele
44%
Victor Wanyama
44%
Brad Friedel
43%
Rafael van der Vaart
43%
Benoît Assou-Ekotto
42%
Stephen Carr
42%
Michael Dawson
41%
Paul Robinson
41%
Roberto Soldado
41%
Serge Aurier
41%
Oliver Skipp
40%
Sergio Reguilón
40%
Jürgen Klinsmann
39%
Emerson Royal
38%
Michael Carrick
33%
Scott Parker
33%
Roman Pavlyuchenko
32%
Tom Huddlestone
32%
Nacer Chadli
31%
William Gallas
31%
Clint Dempsey
30%
Jermaine Jenas
30%
Les Ferdinand
30%
Ryan Mason
30%
David Ginola
29%
Vedran Ćorluka
29%
Younès Kaboul
29%
David Bentley
27%
Ivan Perišić
27%
Paulinho
27%
Darren Anderton
26%
Sandro
25%
Jonathan Woodgate
24%
Clément Lenglet
22%
Alan Hutton
20%
Nabil Bentaleb
19%
Young-pyo Lee
19%
Edgar Davids
18%
Federico Fazio
18%
Steffen Iversen
18%
Kasey Keller
17%
Pascal Chimbonda
17%
Sébastien Bassong
17%
Tim Sherwood
17%
Chris Armstrong
16%
Frédéric Kanouté
16%
Gary Mabbutt
16%
Mido
16%
Wilson Palacios
16%
Dean Richards
15%
Didier Zokora
15%
Michael Brown
15%
Steed Malbranque
15%
Christian Ziege
14%
Gus Poyet
14%
Justin Edinburgh
14%
Nick Barmby
14%
Sergiy Rebrov
14%
Teemu Tainio
14%
Clive Wilson
13%
Erik Edman
13%
Erik Thorstvedt
13%
Paul Allen
13%
Ruel Fox
13%
Luke Young
12%
Neil Sullivan
12%
Anthony Gardner
11%
David Howells
11%
Mauricio Taricco
11%
Steffen Freund
11%
Allan Nielsen
10%
Colin Calderwood
10%
Neil Ruddock
10%
Noureddine Naybet
10%
Øyvind Leonhardsen
10%
Paul Stalteri
10%
Pedro Mendes
10%
Chris Perry
9%
Dean Austin
9%
Vinny Samways
9%
Andy Sinton
8%
Stephen Clemence
8%
Noé Pamarot
7%
Ramon Vega
7%
Steve Sedgley
7%
Goran Bunjevčević
6%
Jason Dozzell
6%
Nicola Berti
6%
No matching quizzes found
Score Distribution
Percent of People with Each Score
Percentile by Number Answered
Your Score History
You have not taken this quiz since the last reset